LIBRARY ONLINE CATALOGUE

Auditing and assurance services : (Record no. 1386)

MARC details
000 -LEADER
fixed length control field 00776cam a22002412 4500
001 - CONTROL NUMBER
control field 0000024142
005 - DATE AND TIME OF LATEST TRANSACTION
control field 20151021151150.0
008 - FIXED-LENGTH DATA ELEMENTS--GENERAL INFORMATION
fixed length control field 130614s xx 000 0 eng d
020 ## - INTERNATIONAL STANDARD BOOK NUMBER
International Standard Book Number 0273754947 :
040 ## - CATALOGING SOURCE
Original cataloging agency KABU
Transcribing agency KABU
050 #0 - LIBRARY OF CONGRESS CALL NUMBER
Classification number HF5667
Item number .A74 2012
100 1# - MAIN ENTRY--PERSONAL NAME
Personal name Arens, Alvin A.
-- 0000151728
245 10 - TITLE STATEMENT
Title Auditing and assurance services :
Remainder of title an integrated approach /
Statement of responsibility, etc. Alvin A. Arens, Randal J. Elder, Mark S. Beasley.
250 ## - EDITION STATEMENT
Edition statement 14th ed.
260 ## - PUBLICATION, DISTRIBUTION, ETC. (IMPRINT)
Place of publication, distribution, etc. Boston :
Name of publisher, distributor, etc. Pearson,
Date of publication, distribution, etc. c2012.
300 ## - PHYSICAL DESCRIPTION
Extent 870 p. +
Accompanying material 1 CD-ROM.
650 #0 - SUBJECT ADDED ENTRY--TOPICAL TERM
Topical term or geographic name as entry element Auditing.
-- 0000151729
700 1# - ADDED ENTRY--PERSONAL NAME
Personal name Elder, Randal J.
-- 0000151730
700 1# - ADDED ENTRY--PERSONAL NAME
Personal name Beasley, Mark S.
-- 0000151731
852 1# - LOCATION
-- p2990 KES
908 ## - PUT COMMAND PARAMETER (RLIN)
Put command parameter 130614
950 ## - LOCAL HOLDINGS (RLIN)
-- 1
Holdings
Withdrawn status Lost status Source of classification or shelving scheme Not for loan Home library Current library Date acquired Total Checkouts Full call number Barcode Date last seen Price effective from Koha item type
    Library of Congress Classification   Kabarak, Nakuru City Campus Kabarak, Nakuru City Campus 21/10/2015   HF5667 .A74 2012 c. 1 015672 21/10/2015 21/10/2015 General Collection